Estructuras Fundamentales de la Computación Los principios / Guillermo Levine Gutierrez (Registro nro. 11764)
[ vista simple ]
| 000 -LÍDER | |
|---|---|
| fixed length control field | 00583nam a2200157 4500 |
| 008 - ELEMENTOS DE LONGITUD FIJA -- INFORMACIÓN GENERAL | |
| fixed length control field | 01997 1997 0a 000 0Mex |
| 020 ## - NÚMERO INTERNACIONAL NORMALIZADO PARA LIBROS | |
| ISBN | 970-10-1064-7 |
| 050 ## - SIGNATURA TOPOGRAFICA DE LA BIBLIOTECA DEL CONGRESO (LC) | |
| Número de Clasificación | QA76 L47 |
| 082 ## - NUMERO DE CLASIFICACION DECIMAL DEWEY | |
| Número de Clasificación | 001.6 L176i |
| 100 ## - ASIENTO PRINCIPAL--NOMBRE PERSONAL | |
| Nombre personal | Levine Gutierrez, Guillermo |
| 245 ## - TÍTULO | |
| Título | Estructuras Fundamentales de la Computación Los principios / Guillermo Levine Gutierrez |
| 260 ## - PUBLICACIÓN, DISTRIBUCIÓN, ETC. (PIE DE IMPRENTA) | |
| Lugar de publicación, distribución, etc. | México : Mcgraw-Hill |
| 300 ## - DESCRIPCIÓN FÍSICA | |
| Extensión | xii, 327 p. / 24 cm. |
| 500 ## - NOTA GENERAL | |
| Nota general | Incluye glosario, resúmen bibliográfico e indice temático |
| 650 ## - ASIENTO SECUNDARIO DE MATERIA - TERMINO TEMÁTICO | |
| Término temático o nombre geográfico como elemento de entrada | 1.- PROGRAMACION ESTRUCTURAL \ 2. PROCESAMIENTO ELECTRONICO DE DATOS |
| No. biblioteca | No. biblioteca | Número de clasificación | Código de barras/Número de adquisición | Número de copia | Tipo de material |
|---|---|---|---|---|---|
| LUIS G. INCLAN | LUIS G. INCLAN | 001.6 L176i | 28905 | 1 | Libros |
| LUIS G. INCLAN | LUIS G. INCLAN | 001.6 L176i | 28906 | 2 | Libros |
| LUIS G. INCLAN | LUIS G. INCLAN | 001.6 L176i | 28907 | 3 | Libros |
| LUIS G. INCLAN | LUIS G. INCLAN | 001.6 L176i | 33633 | 4 | Libros |
